Central Library OPAC University of Rajshahi

Fundamentals of radio and electronics / (Record no. 68834)

MARC details
000 -LEADER
fixed length control field 00742nam a2200241 a 4500
001 - CONTROL NUMBER
control field 68834
003 - CONTROL NUMBER IDENTIFIER
rucl marc code BD-RjUL
005 - DATE AND TIME OF LATEST TRANSACTION
control field 20211209081820.0
008 - FIXED-LENGTH DATA ELEMENTS--GENERAL INFORMATION
fixed length control field 170406s1958 njua 001 0 eng
035 ## - SYSTEM CONTROL NUMBER
System control number (BD-RjUL)69045
040 ## - CATALOGING SOURCE
Original cataloging agency DLC
Transcribing agency DZM
Modifying agency SER
-- EQO
Language of cataloging eng
041 ## - LANGUAGE CODE
Language code of text/sound track or separate title eng
082 ## - DEWEY DECIMAL CLASSIFICATION NUMBER
Classification number 621.384131
Edition number 23
Author mark and year FUN 1970
245 10 - TITLE STATEMENT
Title Fundamentals of radio and electronics /
Statement of responsibility, etc. William Littell Everitt
250 ## - EDITION STATEMENT
Edition statement 2d ed.
260 ## - PUBLICATION, DISTRIBUTION, ETC. (IMPRINT)
Place of publication, distribution, etc. Englwood Cliffs, N.J. :
Name of publisher, distributor, etc. Prentice-Hall,
Date of publication, distribution, etc. 1958[ printing 1970]
300 ## - PHYSICAL DESCRIPTION
Pagination 805 p. :
Illustrations ill. ;
Size 24 cm.
500 ## - GENERAL NOTE
General note First ed. published in 1942 under title: Fundamentals of radio.
650 #0 - SUBJECT ADDED ENTRY--TOPICAL TERM
Topical term or geographic name as entry element Electronics.
9 (RLIN) 203984
Topical term or geographic name as entry element Radio.
9 (RLIN) 203985
700 1# - ADDED ENTRY--PERSONAL NAME
Personal name Everitt, W. L.
942 ## - ADDED ENTRY ELEMENTS (KOHA)
Source of classification or shelving scheme Dewey Decimal Classification
Koha item type Books
Holdings
Lost status Source of classification or shelving scheme Damaged status Not for loan Collection code Permanent Location Current Location Shelving location Date acquired Source of acquisition Cost, normal purchase price Total Checkouts Full call number Date last seen Copy number Koha item type
  Dewey Decimal Classification   Not For Loan Non-fiction Central Library, University of Rajshahi Central Library, University of Rajshahi Reading Room 17/07/1973 Sades book 30.00   621.384131 FUN 1970 06/04/2017 C-1 Books